Metodología para el diseño de dispositivos disipadores de energia en sistemas pluviales de carreteras

Furkejuvvon:
Bibliográfalaš dieđut
Váldodahkki: Brizuela Elizondo, José Pablo
Materiálatiipa: Girji
Almmustuhtton: [San José], Costa Rica 2011
Fáttát:
Fáddágilkorat: Lasit fáddágilkoriid
Eai fáddágilkorat, Lasit vuosttaš fáddágilkora!

MARC

LEADER 00000nam a2200000Ia 4500
003 010603
005 20221231144025.0
008 140114s9999 cr b 000 | s d
040 |c cru CEDI 
090 |a TFG 6435 
100 |a Brizuela Elizondo, José Pablo  |9 2359 
245 |a Metodología para el diseño de dispositivos disipadores de energia en sistemas pluviales de carreteras 
260 |c 2011  |b [San José], Costa Rica 
500 |a Proyecto de graduación (licenciatura en ingeniería civil)--Universidad de Costa Rica. Facultad de Ingeniería. Escuela de Ingeniería Civil 
650 |x DISEÑO Y CONSTRUCCION   |x ALCANTARILLADO  |x METODOLOGIA  |x MODELOS MATEMATICOS  |x CARRETERAS   |x COSTA RICA   |x CANALES (INGENIERIA HIDRAULICA)   |9 2360 
942 |c TFG 
999 |c 15754  |d 15754